Η δομή των επιστημονικών επαναστάσεων

Αποθηκεύτηκε σε:
Λεπτομέρειες βιβλιογραφικής εγγραφής
Κύριος συγγραφέας: Kuhn, Thomas S.
Άλλοι συγγραφείς: Γεωργακόπουλος, Γ. (trl [Μεταφραστής]), Κάλφας, Βασίλης, 1953- (trl [Μεταφραστής])
Μορφή: Βιβλίο
Γλώσσα:Greek
English
Δημοσίευση: Πειραιάς : Σύγχρονα Θέματα, 2008.
Σειρά:Προβλήματα μεθόδου και εξέλιξης της επιστήμης
Θέματα:
Ετικέτες: Προσθήκη ετικέτας
Δεν υπάρχουν, Καταχωρήστε ετικέτα πρώτοι!

MARC

LEADER 00000nam a2200000 i 4500
001 1/71265
008 980525s1962 gr | ||| |||| ||gre||
035 |l 10030900 
040 |a GR-MY-UA  |b gre  |e AACR 
041 1 |a gre  |h eng 
082 7 |a 501  
100 1 |a Kuhn, Thomas S. 
245 1 2 |a Η δομή των επιστημονικών επαναστάσεων /   |c Thomas S. Kuhn ; μετάφραση Γ. Γεωργακόπουλος, Β. Κάλφας.  
260 |a Πειραιάς :   |b Σύγχρονα Θέματα,   |c 2008.  
300 |a 257 σ.  
490 1 |a (Προβλήματα μεθόδου και εξέλιξης της επιστήμης).  
650 0 0 |a Science  |x Philosophy. 
650 0 0 |a Science  |x History. 
700 1 |a Γεωργακόπουλος, Γ.  |e trl [Μεταφραστής] 
700 1 |a Κάλφας, Βασίλης,   |d 1953-  |e trl [Μεταφραστής] 
830 0 |a Προβλήματα μεθόδου και εξέλιξης της επιστήμης 
852 |a INST  |b RHODES  |e 19980525  |h 501 KUH  |p 005400006565  |q 005400006565  |t BK  |y 12 
852 |a INST  |b RHODES  |e 19991110  |h 501 KUH  |p 005400015091  |q 005400015091  |t BK  |y 0 
852 |a INST  |b RHODES  |c EUDOXUS  |e 20150609  |h 501 KUH  |p 005400037732  |q 005400037732  |t BK  |y 0 
901 |a BIBL-1998-2 
909 |a Ρ  |b 053437  |c 1998 
909 |a Ρ  |b 065420  |c 1999 
920 |a Εύδοξος  |b Παραγγελία  |y Ρόδος-ΤΕΠΑΕΣ  |z 2015-04 
922 |a 4ΕΛΗ  |b 199801  |c ΚΠΣ/ΔΕ  |d EMVASIS